Who Controlled These Colonies? - Statistics

General Stats
  • This quiz has been taken 54 times
  • The average score is 16 of 17
Answer Stats
Colony Years Answer % Correct
Congo 1908-1960 Belgium
100%
Algeria 1830-1962 France
100%
Brazil 1500-1822 Portugal
100%
Alaska 1732-1867 Russia
100%
Hong Kong 1841-1997 United Kingdom
100%
Falkland Islands 1829-1831,1832-1833,1982 Argentina
98%
Faroe Islands 1380- Denmark
98%
Peru 1535-1821 Spain
98%
Suriname 1667-1954 Netherlands
96%
Macau 1557-1999 Portugal
96%
Philippines 1898-1946 United States
96%
Svalbard 1925- Norway
90%
New Caledonia 1853- France
88%
Eritrea 1882-1941 Italy
86%
Christmas Island 1958- Australia
84%
Cameroon 1884-1916 Germany
78%
Brazil 1630-1654 Netherlands
53%
No matching quizzes found
Score Distribution
Percent of People with Each Score
Percentile by Number Answered
Your Score History
You have not taken this quiz